[Event "1. Bundesliga 2013/2014"]
[Site "Jenbach, Wolfsberg, St. Veit/Glan"]
[Date "2014.01.30"]
[Round "4"]
[Board "3"]
[White "Skoberne, Jure"]
[Black "Schlosser, Philipp"]
[Result "1-0"]
[WhiteElo "2560"]
[BlackElo "2612"]
[PlyCount "67"]
[EventDate "2013.12.06"]
[EventType "team"]
[EventRounds "11"]
[EventCountry "AUT"]
[WhiteTeam "SV Raika Rapid Feffernitz"]
[BlackTeam "Schachklub Sparkasse Jenbach"]

1. c4 c5 2. Nf3 Nf6 3. d4 cxd4 4. Nxd4 e6 5. Nc3 a6 6. e4 Qc7 7. Be2 Bb4 8. O-O
Bxc3 9. bxc3 Nxe4 10. Bd3 Nc5 11. Bc2 d6 12. Qh5 e5 13. Ba3 Nbd7 14. Nf5 g6 15.
Ng7+ Kd8 16. Qh4+ f6 17. Rad1 Qc6 18. Bxg6 Kc7 19. Ne8+ Kb8 20. Nxd6 Ka7 21.
Bc2 Nb6 22. f3 Be6 23. Qxf6 Bxc4 24. Rf2 Ncd7 25. Qh4 Bxa2 26. Rfd2 Qxc3 27.
Bb4 Qe3+ 28. Qf2 Qxf2+ 29. Kxf2 Nf6 30. Bc5 Rac8 31. Nxc8+ Rxc8 32. Be3 Nfd5
33. Rxd5 Bxd5 34. Bf5 1-0

[Event "1. Bundesliga 2013/2014"]
[Site "Jenbach, Wolfsberg, St. Veit/Glan"]
[Date "2014.01.30"]
[Round "4"]
[Board "4"]
[White "Acs, Peter"]
[Black "Diermair, Andreas"]
[Result "1/2-1/2"]
[WhiteElo "2576"]
[BlackElo "2456"]
[PlyCount "65"]
[EventDate "2013.12.06"]
[EventType "team"]
[EventRounds "11"]
[EventCountry "AUT"]
[WhiteTeam "Schachklub Sparkasse Jenbach"]
[BlackTeam "SV Raika Rapid Feffernitz"]

1. e4 e5 2. Nf3 Nc6 3. Bb5 a6 4. Ba4 Nf6 5. O-O Be7 6. Re1 b5 7. Bb3 d6 8. c3
O-O 9. h3 Bb7 10. d4 Re8 11. Nbd2 Bf8 12. a3 h6 13. Bc2 d5 14. dxe5 Nxe5 15.
Nxe5 Rxe5 16. f4 Bc5+ 17. Kh2 Bc8 18. Nf3 Rh5 19. Nd4 Bg4 20. Qd2 dxe4 21. Bxe4
Nxe4 22. Rxe4 Qh4 23. Qe3 Bd6 24. Bd2 c5 25. Nf3 Qf6 26. Re1 Bf5 27. Re8+ Rxe8
28. Qxe8+ Kh7 29. Qe3 Be6 30. Ne5 Bxe5 31. fxe5 Qh4 32. Rf1 Rg5 33. Rf4 1/2-1/2

[Event "1. Bundesliga 2013/2014"]
[Site "Jenbach, Wolfsberg, St. Veit/Glan"]
[Date "2014.01.30"]
[Round "4"]
[Board "5"]
[White "Schreiner, Peter"]
[Black "Boensch, Uwe"]
[Result "0-1"]
[WhiteElo "2455"]
[BlackElo "2544"]
[PlyCount "50"]
[EventDate "2013.12.06"]
[EventType "team"]
[EventRounds "11"]
[EventCountry "AUT"]
[WhiteTeam "SV Raika Rapid Feffernitz"]
[BlackTeam "Schachklub Sparkasse Jenbach"]

1. d4 Nf6 2. c4 e6 3. Nf3 Bb4+ 4. Bd2 Bxd2+ 5. Qxd2 d5 6. Nc3 O-O 7. e3 Qe7 8.
Rc1 Rd8 9. cxd5 exd5 10. Bd3 c6 11. O-O Nbd7 12. Qc2 Nf8 13. a3 Ng6 14. b4 a6
15. Na4 Bg4 16. Nd2 Nh4 17. Rfe1 Rd6 18. f3 Re6 19. Qc5 Qe8 20. fxg4 Rxe3 21.
Kf1 Nxg4 22. Be2 Nxg2 23. Bxg4 Nxe1 24. Qd6 Nd3 25. Bd7 Re1+ 0-1

[Event "1. Bundesliga 2013/2014"]
[Site "Jenbach, Wolfsberg, St. Veit/Glan"]
[Date "2014.01.30"]
[Round "4"]
[Board "6"]
[White "Lehner, Oliver"]
[Black "Zorko, Jure"]
[Result "1-0"]
[WhiteElo "2451"]
[BlackElo "2466"]
[PlyCount "83"]
[EventDate "2013.12.06"]
[EventType "team"]
[EventRounds "11"]
[EventCountry "AUT"]
[WhiteTeam "Schachklub Sparkasse Jenbach"]
[BlackTeam "SV Raika Rapid Feffernitz"]

1. e4 c5 2. Nf3 e6 3. d4 cxd4 4. Nxd4 a6 5. Bd3 Bc5 6. Nb3 Be7 7. Qg4 g6 8. Qe2
d6 9. O-O Nd7 10. Na3 Ngf6 11. Bh6 Bf8 12. Bxf8 Kxf8 13. f4 e5 14. fxe5 Nxe5
15. Nc4 Kg7 16. Nxe5 dxe5 17. Qf2 Qe7 18. Nd2 Be6 19. Nf3 Ng4 20. Qd2 f6 21. h3
Nh6 22. Rf2 Rhd8 23. Nh2 Bc4 24. Nf1 Bxd3 25. cxd3 Qd6 26. Rc1 Rac8 27. Rxc8
Rxc8 28. Ne3 Rc6 29. g4 Qc5 30. Kg2 Ng8 31. Nd5 a5 32. a3 a4 33. Qd1 b5 34. Qf3
Rd6 35. h4 Qc8 36. Qg3 Qd8 37. g5 Qe8 38. d4 Re6 39. Nc7 Qd7 40. Nxe6+ Qxe6 41.
d5 Qe7 42. Rd2 1-0

[Event "1. Bundesliga 2013/2014"]
[Site "Jenbach, Wolfsberg, St. Veit/Glan"]
[Date "2014.01.30"]
[Round "4"]
[Board "1"]
[White "Bromberger, Stefan"]
[Black "Shengelia, David"]
[Result "1-0"]
[WhiteElo "2500"]
[BlackElo "2547"]
[PlyCount "57"]
[EventDate "2013.12.06"]
[EventType "team"]
[EventRounds "11"]
[EventCountry "AUT"]
[WhiteTeam "SIR Bernhard Glatz"]
[BlackTeam "SK Advisory Invest Baden"]

1. d4 Nf6 2. c4 e6 3. Nc3 Bb4 4. e3 O-O 5. Bd3 Nc6 6. Nge2 d5 7. O-O dxc4 8.
Bxc4 b6 9. Qc2 Bb7 10. Rd1 Bd6 11. e4 e5 12. d5 Na5 13. Bd3 c6 14. a3 cxd5 15.
exd5 Rc8 16. b4 Nc4 17. Qb3 b5 18. Bf5 Qb6 19. Bg5 Bb8 20. Bxc8 Rxc8 21. Bxf6
gxf6 22. Ng3 Ne3 23. Rdc1 Ng4 24. Nce4 Qd4 25. Qf3 Nh6 26. Qxf6 Qb2 27. Rxc8+
Bxc8 28. Qd8+ Kg7 29. Nh5+ 1-0

[Event "1. Bundesliga 2013/2014"]
[Site "Jenbach, Wolfsberg, St. Veit/Glan"]
[Date "2014.01.30"]
[Round "4"]
[Board "2"]
[White "Poetsch, Hagen"]
[Black "Mons, Leon"]
[Result "1-0"]
[WhiteElo "2479"]
[BlackElo "2418"]
[PlyCount "49"]
[EventDate "2013.12.06"]
[EventType "team"]
[EventRounds "11"]
[EventCountry "AUT"]
[WhiteTeam "SK Advisory Invest Baden"]
[BlackTeam "SIR Bernhard Glatz"]

1. e4 e5 2. Nf3 Nc6 3. Bb5 a6 4. Bxc6 dxc6 5. O-O f6 6. d4 exd4 7. Nxd4 c5 8.
Ne2 Qxd1 9. Rxd1 Bd7 10. Be3 O-O-O 11. Nbc3 Re8 12. Rd2 Bc6 13. Rad1 b6 14. a4
Ne7 15. a5 Kb7 16. b3 Ng6 17. axb6 cxb6 18. Ng3 Nh4 19. Bf4 Ng6 20. Bd6 Bxd6
21. Rxd6 Nf4 22. Nf5 Ne6 23. Nd5 Rhf8 24. Nde7 Nd8 25. Rxc6 1-0

[Event "1. Bundesliga 2013/2014"]
[Site "Jenbach, Wolfsberg, St. Veit/Glan"]
[Date "2014.01.30"]
[Round "4"]
[Board "3"]
[White "Geske, Julian"]
[Black "Dzierzenga, Stefan"]
[Result "1/2-1/2"]
[WhiteElo "2390"]
[BlackElo "2197"]
[PlyCount "65"]
[EventDate "2013.12.06"]
[EventType "team"]
[EventRounds "11"]
[EventCountry "AUT"]
[WhiteTeam "SIR Bernhard Glatz"]
[BlackTeam "SK Advisory Invest Baden"]

1. e4 e6 2. d4 d5 3. Nd2 Nf6 4. e5 Nfd7 5. c3 c5 6. Bd3 Nc6 7. Ne2 cxd4 8. cxd4
f6 9. Nf4 Nxd4 10. Qh5+ Ke7 11. exf6+ Nxf6 12. Ng6+ hxg6 13. Qxh8 Kf7 14. Qh4
e5 15. Nf3 Nxf3+ 16. gxf3 Bf5 17. Bxf5 gxf5 18. Bg5 Be7 19. Qh3 Qd7 20. O-O Rc8
21. Rfe1 Qe6 22. Rac1 Rc6 23. Qh8 Bf8 24. Qh4 Be7 25. Qa4 Ra6 26. Qb5 Rb6 27.
Qe2 Bd6 28. Be3 Rb4 29. Bc5 Bxc5 30. Rxc5 e4 31. Rb5 Rxb5 32. Qxb5 b6 33. Qe2
 1/2-1/2

[Event "1. Bundesliga 2013/2014"]
[Site "Jenbach, Wolfsberg, St. Veit/Glan"]
[Date "2014.01.30"]
[Round "4"]
[Board "4"]
[White "Herndlbauer, Martin"]
[Black "Arnaudov, Petar"]
[Result "0-1"]
[WhiteElo "2119"]
[BlackElo "2459"]
[PlyCount "70"]
[EventDate "2013.12.06"]
[EventType "team"]
[EventRounds "11"]
[EventCountry "AUT"]
[WhiteTeam "SK Advisory Invest Baden"]
[BlackTeam "SIR Bernhard Glatz"]

1. d4 Nf6 2. c4 Nc6 3. Nc3 e5 4. d5 Ne7 5. e4 Ng6 6. a3 Bc5 7. Be2 d6 8. Nf3 a6
9. h3 O-O 10. g3 h6 11. b4 Ba7 12. Bd3 Nh7 13. Qc2 Ne7 14. g4 Ng6 15. Ne2 Qf6
16. Neg1 c6 17. Be3 cxd5 18. cxd5 Bd7 19. Qc7 Bb5 20. Bxb5 axb5 21. Qxb7 Bxe3
22. fxe3 Nh4 23. Nxh4 Qxh4+ 24. Kd2 Nf6 25. Kd3 Rfb8 26. Qe7 Rc8 27. Nf3 Qf2
28. Nd2 Rc3+ 29. Kxc3 Qxe3+ 30. Kc2 Rc8+ 31. Kd1 Nxe4 32. Nxe4 Qd4+ 33. Nd2
Qxa1+ 34. Ke2 Qxh1 35. Qxd6 Rc2 0-1

[Event "1. Bundesliga 2013/2014"]
[Site "Jenbach, Wolfsberg, St. Veit/Glan"]
[Date "2014.01.30"]
[Round "4"]
[Board "5"]
[White "Pitl, Gregory"]
[Black "Juenger, Heinz"]
[Result "1-0"]
[WhiteElo "2389"]
[BlackElo "2114"]
[PlyCount "53"]
[EventDate "2013.12.06"]
[EventType "team"]
[EventRounds "11"]
[EventCountry "AUT"]
[WhiteTeam "SIR Bernhard Glatz"]
[BlackTeam "SK Advisory Invest Baden"]

1. e4 e6 2. Nf3 d5 3. Nc3 Nf6 4. e5 Nfd7 5. d4 c5 6. dxc5 Nc6 7. Bf4 Bxc5 8.
Bd3 f6 9. exf6 Nxf6 10. Qe2 O-O 11. O-O-O a6 12. h4 b5 13. h5 Qa5 14. h6 g6 15.
Ne5 Nxe5 16. Bxe5 b4 17. Nb1 Ra7 18. f3 Raf7 19. Qe1 Qxa2 20. Qg3 Kh8 21. Bxg6
hxg6 22. Qxg6 Be7 23. Rh4 Qa5 24. Rf4 Qd8 25. g4 Bd7 26. g5 Be8 27. Rxf6 1-0

[Event "1. Bundesliga 2013/2014"]
[Site "Jenbach, Wolfsberg, St. Veit/Glan"]
[Date "2014.01.30"]
[Round "4"]
[Board "1"]
[White "Babula, Vlastimil"]
[Black "Ragger, Markus"]
[Result "0-1"]
[WhiteElo "2566"]
[BlackElo "2644"]
[PlyCount "75"]
[EventDate "2013.12.06"]
[EventType "team"]
[EventRounds "11"]
[EventCountry "AUT"]
[WhiteTeam "Union Ansfelden"]
[BlackTeam "Schachclub MPOE Maria Saal I"]

1. d4 d5 2. c4 c6 3. Nf3 Nf6 4. Nc3 e6 5. Bg5 h6 6. Bh4 dxc4 7. e4 g5 8. Bg3 b5
9. e5 Nd5 10. Nd2 Qb6 11. Nde4 Nd7 12. Be2 Bb7 13. O-O c5 14. Nxd5 Bxd5 15. Nc3
cxd4 16. Nxd5 exd5 17. Bh5 Be7 18. e6 Qxe6 19. Re1 Qf6 20. Bg4 d3 21. a4 h5 22.
Bxh5 O-O 23. axb5 Bb4 24. Re3 Rae8 25. Qg4 Rxe3 26. fxe3 Qxb2 27. Rf1 f5 28.
Qxg5+ Qg7 29. Qf4 Bc5 30. Bf3 Nb6 31. Bf2 c3 32. Bxd5+ Nxd5 33. Qc4 Qd7 34.
Qxc5 d2 35. Bg3 Nf6 36. Qc4+ Qd5 37. Qa4 Qd3 38. Be5 0-1

[Event "1. Bundesliga 2013/2014"]
[Site "Jenbach, Wolfsberg, St. Veit/Glan"]
[Date "2014.01.30"]
[Round "4"]
[Board "2"]
[White "Predojevic, Borki"]
[Black "Weiss, Christian"]
[Result "1-0"]
[WhiteElo "2607"]
[BlackElo "2386"]
[PlyCount "39"]
[EventDate "2013.12.06"]
[EventType "team"]
[EventRounds "11"]
[EventCountry "AUT"]
[WhiteTeam "Schachclub MPOE Maria Saal I"]
[BlackTeam "Union Ansfelden"]

1. e4 c5 2. Nf3 e6 3. d4 cxd4 4. Nxd4 a6 5. c4 Nf6 6. Nc3 Qc7 7. Be2 Bb4 8. O-O
Nc6 9. Bg5 Bxc3 10. Bxf6 Bxd4 11. Bxd4 Nxd4 12. Qxd4 O-O 13. Rfd1 f6 14. c5 Rb8
15. Qd6 Qxd6 16. Rxd6 Kf7 17. a4 Ke7 18. a5 Kd8 19. f4 Kc7 20. Ra3 1-0

[Event "1. Bundesliga 2013/2014"]
[Site "Jenbach, Wolfsberg, St. Veit/Glan"]
[Date "2014.01.30"]
[Round "4"]
[Board "3"]
[White "Knoll, Hermann"]
[Black "Buhmann, Rainer"]
[Result "0-1"]
[WhiteElo "2302"]
[BlackElo "2580"]
[PlyCount "128"]
[EventDate "2013.12.06"]
[EventType "team"]
[EventRounds "11"]
[EventCountry "AUT"]
[WhiteTeam "Union Ansfelden"]
[BlackTeam "Schachclub MPOE Maria Saal I"]

1. Nf3 d5 2. c4 c6 3. b3 Bg4 4. e3 Nd7 5. Bb2 Ngf6 6. h3 Bxf3 7. Qxf3 e6 8. Nc3
Bd6 9. cxd5 exd5 10. d4 Qe7 11. Bd3 O-O 12. O-O Rae8 13. Rae1 Ne4 14. Qd1 f5
15. f3 Ng3 16. Rf2 Nf6 17. Qc2 Kh8 18. Bc1 Bc7 19. Ne2 Nfh5 20. f4 Nxe2+ 21.
Qxe2 Qh4 22. Qd1 Bd6 23. Bd2 Ng3 24. Qf3 Ne4 25. Bxe4 Rxe4 26. g3 Qxh3 27. Rh2
Qg4 28. Qxg4 fxg4 29. a3 Rf5 30. Bb4 Bc7 31. Kf2 h5 32. Ke2 Kg8 33. Kd3 Kf7 34.
a4 Ke6 35. Rc1 g6 36. a5 a6 37. Bd2 Rf7 38. b4 Bd6 39. Rch1 Kf5 40. Be1 Rfe7
41. Re2 Rh7 42. Reh2 Re8 43. Bd2 Reh8 44. Be1 g5 45. Rf1 gxf4 46. exf4 Re8 47.
Bd2 h4 48. gxh4 Rg8 49. Rg1 Rgh8 50. Be1 Re8 51. Bd2 Rh5 52. Rgh1 Re4 53. Rf1
Be7 54. Rfh1 Bf6 55. Be3 Re8 56. Bd2 Re7 57. Be3 Rg7 58. Bd2 g3 59. Rg2 Rxh4
60. Rhg1 Rh3 61. Be1 Bh4 62. Ke3 Re7+ 63. Kf3 Re4 64. Bxg3 Rxd4 0-1

[Event "1. Bundesliga 2013/2014"]
[Site "Jenbach, Wolfsberg, St. Veit/Glan"]
[Date "2014.01.30"]
[Round "4"]
[Board "4"]
[White "Schachinger, Mario"]
[Black "Moser, Guenter"]
[Result "1-0"]
[WhiteElo "2398"]
[BlackElo "2349"]
[PlyCount "83"]
[EventDate "2013.12.06"]
[EventType "team"]
[EventRounds "11"]
[EventCountry "AUT"]
[WhiteTeam "Schachclub MPOE Maria Saal I"]
[BlackTeam "Union Ansfelden"]

1. d4 d5 2. c4 e6 3. Nf3 Nf6 4. g3 c6 5. Bg2 Be7 6. O-O O-O 7. Qc2 Nbd7 8. Nbd2
Re8 9. b3 b6 10. e4 dxe4 11. Nxe4 Nxe4 12. Qxe4 Bb7 13. Rd1 Rc8 14. Qc2 Bf6 15.
Bf4 Qe7 16. Rac1 Red8 17. h4 Qe8 18. c5 Nf8 19. h5 h6 20. Ne5 b5 21. Qe2 Nh7
22. a4 a6 23. Be4 Bg5 24. Bxg5 Nxg5 25. Bg2 Rc7 26. Ra1 Ra8 27. Qe1 Nh7 28.
axb5 axb5 29. Rxa8 Qxa8 30. Ra1 Qc8 31. Ra7 Nf6 32. Bf3 Nd5 33. Bxd5 exd5 34.
Qa5 f6 35. Ng6 Rf7 36. Qe1 Kh7 37. Ra2 Rc7 38. Re2 Qf5 39. Re8 Qxh5 40. Nf8+
Kg8 41. Qe6+ Rf7 42. Ng6+ 1-0

[Event "1. Bundesliga 2013/2014"]
[Site "Jenbach, Wolfsberg, St. Veit/Glan"]
[Date "2014.01.30"]
[Round "4"]
[Board "5"]
[White "Felsberger, Alfred"]
[Black "Halvax, Georg"]
[Result "1-0"]
[WhiteElo "2352"]
[BlackElo "2305"]
[PlyCount "47"]
[EventDate "2013.12.06"]
[EventType "team"]
[EventRounds "11"]
[EventCountry "AUT"]
[WhiteTeam "Union Ansfelden"]
[BlackTeam "Schachclub MPOE Maria Saal I"]

1. d4 d5 2. c4 e6 3. Nc3 Nf6 4. Nf3 Bb4 5. e3 O-O 6. Be2 c5 7. O-O Nc6 8. cxd5
exd5 9. dxc5 Bxc5 10. a3 a5 11. Nb5 Ne4 12. Bd2 Bg4 13. Bc3 Nxc3 14. bxc3 Qd7
15. Rb1 Rad8 16. Qa4 Rfe8 17. Rfd1 Qc8 18. Qb3 Qf5 19. Nc7 Re7 20. Nxd5 Red7
21. c4 Qg6 22. h3 Bf5 23. Nh4 a4 24. Qb5 1-0

[Event "1. Bundesliga 2013/2014"]
[Site "Jenbach, Wolfsberg, St. Veit/Glan"]
[Date "2014.01.30"]
[Round "4"]
[Board "6"]
[White "Kreisl, Robert"]
[Black "Ennsberger, Ulrich"]
[Result "1-0"]
[WhiteElo "2435"]
[BlackElo "2339"]
[PlyCount "49"]
[EventDate "2013.12.06"]
[EventType "team"]
[EventRounds "11"]
[EventCountry "AUT"]
[WhiteTeam "Schachclub MPOE Maria Saal I"]
[BlackTeam "Union Ansfelden"]

1. d4 Nf6 2. Nf3 e6 3. g3 c5 4. Bg2 Nc6 5. O-O d5 6. c4 dxc4 7. dxc5 Qxd1 8.
Rxd1 Bxc5 9. Nbd2 O-O 10. Nxc4 b5 11. Nfe5 bxc4 12. Nxc6 Bb7 13. Bf4 Rfe8 14.
Rac1 Ng4 15. e3 e5 16. Bg5 h6 17. Rxc4 hxg5 18. Rxc5 Bxc6 19. Bxc6 Rac8 20.
Rdc1 Red8 21. Bf3 Rxc5 22. Rxc5 Nf6 23. Rxe5 g4 24. Bc6 Rd2 25. Ra5 1-0

[Event "1. Bundesliga 2013/2014"]
[Site "Jenbach, Wolfsberg, St. Veit/Glan"]
[Date "2014.01.30"]
[Round "4"]
[Board "1"]
[White "Luther, Thomas"]
[Black "Kozul, Zdenko"]
[Result "1/2-1/2"]
[WhiteElo "2571"]
[BlackElo "2586"]
[PlyCount "118"]
[EventDate "2013.12.06"]
[EventType "team"]
[EventRounds "11"]
[EventCountry "AUT"]
[WhiteTeam "SK Absam"]
[BlackTeam "SV Wolfsberg"]

1. e4 c5 2. Nf3 d6 3. d4 cxd4 4. Nxd4 Nf6 5. Nc3 Nc6 6. Bg5 e6 7. Qd2 a6 8.
O-O-O Bd7 9. f3 Be7 10. Be3 Qc7 11. g4 Ne5 12. g5 Nh5 13. f4 Nc4 14. Bxc4 Qxc4
15. b3 Qb4 16. Kb2 Rc8 17. Qd3 Qa5 18. Bd2 Qd8 19. Nde2 h6 20. gxh6 Rxh6 21. f5
Rh8 22. fxe6 fxe6 23. e5 dxe5 24. Rhf1 Nf6 25. Qg6+ Kf8 26. Rg1 Rh7 27. Bh6
Ba3+ 28. Kxa3 Qe7+ 29. Kb2 Rxh6 30. Qg3 Rh5 31. Qe3 Qc5 32. Qg3 Rh7 33. Rdf1
Ke7 34. Qf3 Ke8 35. Qd3 e4 36. Nxe4 Qxc2+ 37. Qxc2 Rxc2+ 38. Kxc2 Nxe4 39. Kd3
Bc6 40. Rc1 Rh3+ 41. Kd4 Rxh2 42. Nf4 Nd6 43. Nxe6 Rxa2 44. Kc5 Ke7 45. Nd4
Ne4+ 46. Kb6 Bd5 47. Rxg7+ Kf6 48. Rd7 Ke5 49. Nf3+ Ke6 50. Rcc7 Rb2 51. Ka7
Nd6 52. Ng5+ Ke5 53. Rc5 Rf2 54. Rxd5+ Kxd5 55. Rxd6+ Kxd6 56. Ne4+ Kc6 57.
Nxf2 Kb5 58. Kxb7 Kb4 59. Kxa6 Kxb3 1/2-1/2

[Event "1. Bundesliga 2013/2014"]
[Site "Jenbach, Wolfsberg, St. Veit/Glan"]
[Date "2014.01.30"]
[Round "4"]
[Board "2"]
[White "Stevic, Hrvoje"]
[Black "Dizdar, Goran"]
[Result "1-0"]
[WhiteElo "2620"]
[BlackElo "2514"]
[PlyCount "59"]
[EventDate "2013.12.06"]
[EventType "team"]
[EventRounds "11"]
[EventCountry "AUT"]
[WhiteTeam "SV Wolfsberg"]
[BlackTeam "SK Absam"]

1. e4 e6 2. d4 d5 3. Nd2 c5 4. Ngf3 a6 5. dxc5 Bxc5 6. Bd3 Nf6 7. O-O Nc6 8.
exd5 Nxd5 9. Ne4 Be7 10. c4 Nf6 11. Qe2 Qc7 12. b3 b6 13. Bb2 Bb7 14. Rad1
O-O-O 15. c5 bxc5 16. Bxa6 Bxa6 17. Qxa6+ Qb7 18. Qe2 Nd4 19. Bxd4 Nxe4 20.
Bxg7 Rhg8 21. Rxd8+ Bxd8 22. Be5 Ba5 23. Bg3 Rd8 24. Ne5 Nc3 25. Qe3 Qb5 26.
Nc4 Nd5 27. Qf3 f5 28. Nd6+ Rxd6 29. Bxd6 Nc3 30. Be5 1-0

[Event "1. Bundesliga 2013/2014"]
[Site "Jenbach, Wolfsberg, St. Veit/Glan"]
[Date "2014.01.30"]
[Round "4"]
[Board "3"]
[White "Rotstein, Arkadij"]
[Black "Jovanovic, Zoran"]
[Result "0-1"]
[WhiteElo "2501"]
[BlackElo "2548"]
[PlyCount "86"]
[EventDate "2013.12.06"]
[EventType "team"]
[EventRounds "11"]
[EventCountry "AUT"]
[WhiteTeam "SK Absam"]
[BlackTeam "SV Wolfsberg"]

1. d4 d6 2. Nf3 g6 3. g3 Bg7 4. Bg2 c5 5. d5 b5 6. O-O Nf6 7. Re1 O-O 8. e4
Nbd7 9. a4 b4 10. Nbd2 a5 11. Nc4 Ng4 12. Rb1 Nge5 13. Nfxe5 Nxe5 14. Ne3 Ba6
15. b3 c4 16. Bf1 Qb6 17. Nxc4 Nxc4 18. Bxc4 Bxc4 19. bxc4 Qc7 20. Qd3 Rfc8 21.
Re2 Qxc4 22. Qxc4 Rxc4 23. Bb2 Rac8 24. Bxg7 Kxg7 25. Rb2 Rd4 26. Kf1 Rcc4 27.
f3 Rc3 28. Kf2 Ra3 29. Re3 Rd2+ 30. Re2 Rd1 31. Re3 Rd2+ 32. Re2 Rxe2+ 33. Kxe2
Rxa4 34. Kd3 Ra3+ 35. Ke2 g5 36. Rb1 Rc3 37. Rb2 Kf6 38. f4 gxf4 39. gxf4 Rh3
40. Ra2 Rxh2+ 41. Kd3 b3 42. Rxa5 bxc2 43. Ra1 h5 0-1

[Event "1. Bundesliga 2013/2014"]
[Site "Jenbach, Wolfsberg, St. Veit/Glan"]
[Date "2014.01.30"]
[Round "4"]
[Board "4"]
[White "Steflitsch, Erich"]
[Black "Wegerle, Joerg"]
[Result "1/2-1/2"]
[WhiteElo "2355"]
[BlackElo "2424"]
[PlyCount "61"]
[EventDate "2013.12.06"]
[EventType "team"]
[EventRounds "11"]
[EventCountry "AUT"]
[WhiteTeam "SV Wolfsberg"]
[BlackTeam "SK Absam"]

1. d4 e6 2. c4 Nf6 3. Nc3 Bb4 4. e3 b6 5. Nge2 Bb7 6. a3 Bxc3+ 7. Nxc3 O-O 8.
Bd3 d6 9. O-O c5 10. d5 exd5 11. cxd5 Ba6 12. e4 Bxd3 13. Qxd3 Nbd7 14. f4 Re8
15. Re1 a6 16. a4 Qc7 17. Qc4 Qb7 18. Bd2 Rab8 19. Nd1 b5 20. axb5 axb5 21. Qc2
c4 22. Nf2 Nc5 23. Bc3 Nfd7 24. Bb4 Qb6 25. Ba5 Qb7 26. Bb4 f6 27. Ra3 Qb6 28.
Ba5 Qb7 29. Bb4 Qb6 30. Ba5 Qb7 31. Bb4 1/2-1/2

[Event "1. Bundesliga 2013/2014"]
[Site "Jenbach, Wolfsberg, St. Veit/Glan"]
[Date "2014.01.30"]
[Round "4"]
[Board "5"]
[White "Deglmann, Ludwig"]
[Black "Hresc, Vladimir"]
[Result "1-0"]
[WhiteElo "2370"]
[BlackElo "2409"]
[PlyCount "95"]
[EventDate "2013.12.06"]
[EventType "team"]
[EventRounds "11"]
[EventCountry "AUT"]
[WhiteTeam "SK Absam"]
[BlackTeam "SV Wolfsberg"]

1. d4 Nf6 2. c4 e6 3. Nc3 d5 4. cxd5 exd5 5. Bg5 c6 6. Qc2 Be7 7. e3 Nbd7 8.
Bd3 Nf8 9. Nge2 Ne6 10. Bh4 g6 11. f3 O-O 12. O-O c5 13. dxc5 Bxc5 14. Bf2 d4
15. exd4 Nxd4 16. Nxd4 Bxd4 17. Rad1 Bxf2+ 18. Qxf2 Bd7 19. Be4 Qb6 20. Qxb6
axb6 21. Bxb7 Ra7 22. Nd5 Nxd5 23. Bxd5 Re8 24. Rfe1 Kf8 25. Rxe8+ Kxe8 26. Rc1
Ke7 27. a3 f6 28. Kf2 h5 29. h4 g5 30. g3 Ra5 31. Bc6 Be6 32. Rc3 Re5 33. f4
gxf4 34. gxf4 Ra5 35. Bf3 Bg4 36. Rc6 Rb5 37. b4 Kf7 38. Rc7+ Ke6 39. Bc6 Kd6
40. Bxb5 Kxc7 41. Ke3 Be6 42. Kd4 Kd6 43. a4 Bd5 44. a5 bxa5 45. bxa5 Bf3 46.
a6 Kc7 47. Kc5 Be4 48. Bc4 1-0

[Event "1. Bundesliga 2013/2014"]
[Site "Jenbach, Wolfsberg, St. Veit/Glan"]
[Date "2014.01.30"]
[Round "4"]
[Board "1"]
[White "Baramidze, David"]
[Black "Kuljasevic, Davorin"]
[Result "1-0"]
[WhiteElo "2610"]
[BlackElo "2567"]
[PlyCount "129"]
[EventDate "2013.12.06"]
[EventType "team"]
[EventRounds "11"]
[EventCountry "AUT"]
[WhiteTeam "SK Hohenems"]
[BlackTeam "SV Jacques Lemans St. Veit"]

1. Nf3 Nf6 2. c4 b6 3. g3 c5 4. Bg2 Bb7 5. O-O g6 6. Nc3 Bg7 7. d3 O-O 8. e4 d6
9. h3 Nc6 10. Bg5 Rb8 11. Qd2 a6 12. Rae1 Nd7 13. b3 Nd4 14. Nd5 Nxf3+ 15. Bxf3
Ne5 16. Bg2 Nc6 17. f4 f6 18. Bh4 e6 19. Nc3 Nd4 20. g4 Bh6 21. Bf2 f5 22. exf5
gxf5 23. g5 Bg7 24. Bxb7 Rxb7 25. Bxd4 Bxd4+ 26. Kh2 Re7 27. Ne2 Bg7 28. Ng3
Qd7 29. Qg2 Kh8 30. h4 b5 31. Re2 b4 32. h5 h6 33. Qh3 Bc3 34. Rg2 Rh7 35. Ne2
hxg5 36. fxg5 Be5+ 37. Kh1 Rg8 38. Ng1 Qe8 39. h6 Bd4 40. Re1 Bc3 41. Ree2 Re7
42. Nf3 Qg6 43. Qh2 Ree8 44. Kg1 e5 45. Nh4 Bd4+ 46. Kh1 Qh5 47. g6 e4 48. Qh3
exd3 49. g7+ Kh7 50. Rxe8 Rxe8 51. Qxf5+ Qxf5 52. Nxf5 Re1+ 53. Kh2 Be5+ 54.
Kh3 Rh1+ 55. Kg4 Bf6 56. Kf4 Kg8 57. Ke3 Rh3+ 58. Rg3 Bg5+ 59. Kxd3 Rxg3+ 60.
Nxg3 Bxh6 61. Ke4 Bxg7 62. Kd5 Kf7 63. Kxd6 Bf8+ 64. Kc6 Ke6 65. Ne4 1-0

[Event "1. Bundesliga 2013/2014"]
[Site "Jenbach, Wolfsberg, St. Veit/Glan"]
[Date "2014.01.30"]
[Round "4"]
[Board "3"]
[White "Bindrich, Falko"]
[Black "Bosiocic, Marin"]
[Result "1-0"]
[WhiteElo "2591"]
[BlackElo "2554"]
[PlyCount "65"]
[EventDate "2013.12.06"]
[EventType "team"]
[EventRounds "11"]
[EventCountry "AUT"]
[WhiteTeam "SK Hohenems"]
[BlackTeam "SV Jacques Lemans St. Veit"]

1. Nf3 Nf6 2. c4 g6 3. b3 Bg7 4. Bb2 d6 5. d4 O-O 6. g3 e5 7. dxe5 Nfd7 8. Bg2
dxe5 9. Nfd2 a5 10. O-O Nc6 11. Nc3 Re8 12. Na4 Ra6 13. Ne4 Nd4 14. e3 Ne6 15.
Qc2 f5 16. Nec3 c6 17. Rad1 Qe7 18. Ne2 e4 19. Bxg7 Qxg7 20. Nf4 Ne5 21. c5 Ng5
22. Nb6 Qh6 23. h4 Ngf3+ 24. Bxf3 Nxf3+ 25. Kg2 g5 26. Rd6 Qf8 27. Nh5 Be6 28.
hxg5 Nxg5 29. Nd7 Bxd7 30. Rxd7 Ne6 31. Qc4 Re7 32. Rxe7 Qxe7 33. Nf4 1-0

[Event "1. Bundesliga 2013/2014"]
[Site "Jenbach, Wolfsberg, St. Veit/Glan"]
[Date "2014.01.30"]
[Round "4"]
[Board "4"]
[White "Rogic, Davor"]
[Black "Breder, Dennis"]
[Result "1/2-1/2"]
[WhiteElo "2560"]
[BlackElo "2478"]
[PlyCount "88"]
[EventDate "2013.12.06"]
[EventType "team"]
[EventRounds "11"]
[EventCountry "AUT"]
[WhiteTeam "SV Jacques Lemans St. Veit"]
[BlackTeam "SK Hohenems"]

1. e4 e6 2. d4 d5 3. Nd2 c5 4. exd5 Qxd5 5. Ngf3 cxd4 6. Bc4 Qd6 7. O-O Nf6 8.
Nb3 Nc6 9. Nbxd4 Nxd4 10. Qxd4 Qxd4 11. Nxd4 Bd7 12. Be2 Bc5 13. Nb3 Bb6 14. a4
a5 15. Bf3 Rc8 16. Bd2 Rxc2 17. Bc3 O-O 18. Bd1 Rxc3 19. bxc3 Rc8 20. Nd2 Rxc3
21. Rb1 Nd5 22. Bb3 Nb4 23. Nc4 Bc7 24. Rfc1 Rxc1+ 25. Rxc1 Kf8 26. Kf1 Bc6 27.
g3 Nd3 28. Rc3 Nc5 29. Nxa5 Ne4 30. Nxc6 Nxc3 31. Nb4 Ke7 32. Nd3 Kd6 33. f4 f6
34. Nf2 Bb6 35. Nd1 Ne4 36. Ke2 Bg1 37. Bc2 Kd5 38. Bb3+ Kd4 39. Bxe6 Bxh2 40.
Kf3 Bxg3 41. Bf5 Nd6 42. Bxh7 Be1 43. Ne3 Kc3 44. Nf5 Nxf5 1/2-1/2